000 00431nam a2200181Ia 4500
001 1773
005 20260306143753.0
008 260306t2008||||xx |||||||||||||| ||spa||
041 _aESP
082 _a155.4
_bF71
100 _aFoglia, Pedro José
_eAUT
245 0 _aGrafología infantil pedagógica
260 _c2008
300 _a160 páginas :
_c28 x 20 cm.
650 _aGEN
654 _aCPS
942 _cLIB
_dJUS
_fJUS
_2ddc
_n
999 _c1773
_d1773